000 00720nam a2200205 a 4500
008 120416s1977 ||||||||||||||||| || u
020 _a0070365806
050 _aHT 391 Las
100 _aLassey, William R
245 1 0 _aPlanning in rural environments /
260 _aNew York :
_bMcGraw-Hill
_c1977
300 _axii, 257p. : ill.
350 _a0.00
490 _aMcGraw-Hill publications in the agricultural sciences
500 _aBibliography: p. 239-247.
650 _aPLANNING
650 _aREGINAL PLANNING
650 _aLand use, Rural--Planning
995 _D0.00
_FCBU-MAIN LIBRARY (Kitwe)
_H1
_I34.95
_M1
_UAVAILABLE
_ZAnnex Low-Usage Collection
999 _c53709
_d53709